01200nam a2200253 a 450000100060000000300080000600500170001400800410003102000980007202001010017003500190027104000270029004100080031708200220032510000330034724502770038025000550065726000720071230000340078450400400081865000340085865000200089270000340091235740BD-RjUL20211209052354.0140531r19662010ii a b 001 0 eng d a8120300858 (4th ed., Indian Reprint ed. , Eastern Economy ed., printing 2000)c: IRs. 150.00 a9788120300859 (4th ed., Indian Reprint ed. , Eastern Economy ed., printing 2010)c: IRs. 250.00 a(BD-RjUL)35835 aANLbengcANLdBD-RjUL aeng04a300.723bYOS 20101 aYoung, Pauline V. (Vislick),10aScientific social surveys and research : ban introduction to the background, content, methods, principles and analysis of social studies /cby Pauline V. Young ; With chapters on statistics, scaling techniques, graphic presentation and human ecology by Calvin F. Schmid.  a4th ed., Indian Reprint ed. , Eastern Economy ed. aNew Delhi :bPHI Learning Private Ltd.,c1966 [Printing 2000, 2010] axvi, 576 p. :bill. ;c21 cm. aBibliography: p. 553-561.and index. 0aSocial sciencesxMethodology. 0aSocial surveys. aSchmid, Calvin F. , jt. auth.